| 000 | 00582nam a22001937a 4500 | ||
|---|---|---|---|
| 005 | 20251017162355.0 | ||
| 010 | _aENG-146317 | ||
| 020 | _c399.00 | ||
| 035 | _aEN-129849 | ||
| 037 | _bDBAD | ||
| 082 |
_a546 _21 |
||
| 245 | _aPrevious year's Competitive Examination Papers in Chemistry/ | ||
| 250 | _a1 | ||
| 260 |
_aNew Delhi _bS. Dinesh & Co _c2025 |
||
| 270 |
_bNew Delhi _aGali No 3, Mohalla Panjabian, Ansari Road, Darya Ganj _k011-23250628 _msdineshbengaluru@rediffmail.com |
||
| 300 |
_a264p. _b28cm(pb) |
||
| 500 | _a | ||
| 942 |
_2ddc _cEN _h546 _mPRE |
||
| 999 |
_c212876 _d212876 |
||